<?xml version="1.0" encoding="UTF-8"?>
<record
    xmlns:xsi="http://www.w3.org/2001/XMLSchema-instance"
    xsi:schemaLocation="http://www.loc.gov/MARC21/slim http://www.loc.gov/standards/marcxml/schema/MARC21slim.xsd"
    xmlns="http://www.loc.gov/MARC21/slim">

  <leader>00383    a2200109   4500</leader>
  <controlfield tag="001">ART_34373</controlfield>
  <controlfield tag="005">20260410162005.0</controlfield>
  <controlfield tag="008">260409a                                 </controlfield>
  <datafield tag="245" ind1="1" ind2="0">
    <subfield code="a">Should latin american cuntries adopt structural balance-based fiscal rules?</subfield>
  </datafield>
  <datafield tag="100" ind1="1" ind2=" ">
    <subfield code="a">Ter-Minassian, Teresa</subfield>
  </datafield>
  <datafield tag="773" ind1="0" ind2=" ">
    <subfield code="t">Revista de econom&#xED;a y estad&#xED;stica</subfield>
    <subfield code="g">- Vol. XLIX, N&#xBA; 2 (dic. 2011)</subfield>
    <subfield code="w">REV34359</subfield>
  </datafield>
  <datafield tag="999" ind1=" " ind2=" ">
    <subfield code="c">31595</subfield>
    <subfield code="d">31595</subfield>
  </datafield>
</record>
